[Event "IX Floripa Chess Open Fort Atacadista"]
[Site "Florianópolis - Santa Catari"]
[Date "2023.01.29"]
[Round "10.192"]
[White "Esquinelato, Marcos Vinicius Mol"]
[Black "Nobre, Jose Adalberto Barb"]
[Result "1/2-1/2"]
[WhiteElo "1237"]
[BlackElo "1542"]
[PlyCount "48"]
[EventDate "2023.01.23"]
[EventRounds "10"]
[EventCountry "BRA"]

1. e4 c5 2. Nf3 g6 3. c3 Bg7 4. Bc4 Nc6 5. O-O d6 6. h3 Nf6 7. d3 O-O 8. Be3 a6
9. Nbd2 b5 10. Bb3 Bb7 11. Re1 Nd7 12. Nf1 a5 13. Qd2 a4 14. Bc2 Re8 15. Bh6
Bh8 16. Ne3 Nde5 17. Qe2 Nxf3+ 18. Qxf3 b4 19. Rac1 bxc3 20. bxc3 Bxc3 21. Red1
Bg7 22. Bxg7 Kxg7 23. Qg3 Nd4 24. Rd2 Qd7 1/2-1/2

[Event "IX Floripa Chess Open Fort Atacadista"]
[Site "Florianópolis - Santa Catari"]
[Date "2023.01.29"]
[Round "10.194"]
[White "Rahn, Marlon Cristiano"]
[Black "Oliveira, Sara Beatris Silva"]
[Result "1-0"]
[WhiteElo "1226"]
[BlackElo "1535"]
[PlyCount "109"]
[EventDate "2023.01.23"]
[EventRounds "10"]
[EventCountry "BRA"]

1. e4 c6 2. Nf3 d5 3. exd5 cxd5 4. d4 Bf5 5. Be3 Nf6 6. Bb5+ Nc6 7. Ne5 Qb6 8.
Bxc6+ bxc6 9. b3 e6 10. O-O Bd6 11. Bf4 c5 12. dxc5 Qxc5 13. Nd3 Bxd3 14. Bxd6
Qxc2 15. Qxc2 Bxc2 16. Na3 Bd3 17. Rfc1 Kd7 18. Bf4 Rhc8 19. Rxc8 Rxc8 20. Be3
a6 21. b4 Ne4 22. f3 Nd6 23. Nb1 Nc4 24. Kf2 Nxe3 25. Kxe3 Bf1 26. Nd2 Rc3+ 27.
Kf2 Rc2 28. Ke3 Bc4 29. Nxc4 Rxc4 30. a3 Kc6 31. g4 g5 32. Kf2 d4 33. Kg3 Kd5
34. Rb1 d3 35. b5 axb5 36. Rxb5+ Rc5 37. Rxc5+ Kxc5 38. Kf2 Kc4 39. Ke1 Kb3 40.
Kd2 Kxa3 41. Kxd3 Kb4 42. Kd4 Kb5 43. Ke5 Kc5 44. Kf6 Kd5 45. Kxg5 e5 46. Kf5
Kd4 47. h4 Ke3 48. Kxe5 Kxf3 49. Kf5 Kg3 50. h5 Kh4 51. h6 f6 52. Kxf6 Kxg4 53.
Kg7 Kg5 54. Kxh7 Kf6 55. Kg8 1-0

[Event "IX Floripa Chess Open Fort Atacadista"]
[Site "Florianópolis - Santa Catari"]
[Date "2023.01.29"]
[Round "10.195"]
[White "De Fassio, Davi Dos Santos"]
[Black "Liebl, Livia"]
[Result "1/2-1/2"]
[WhiteElo "1200"]
[BlackElo "1529"]
[PlyCount "80"]
[EventDate "2023.01.23"]
[EventRounds "10"]
[EventCountry "BRA"]

1. e4 d5 2. exd5 Qxd5 3. Nc3 Qa5 4. d4 c6 5. Bd2 Qc7 6. Nf3 Bg4 7. h3 Bxf3 8.
Qxf3 Nf6 9. g4 e6 10. O-O-O Nbd7 11. Kb1 Bd6 12. Bd3 a6 13. g5 Nd5 14. Qh5 g6
15. Qh6 Bf8 16. Nxd5 cxd5 17. Qh4 Nb6 18. Bf4 Bd6 19. Bxd6 Qxd6 20. Qg3 Qxg3
21. fxg3 Rc8 22. b3 Nd7 23. h4 h5 24. c4 dxc4 25. Bxc4 b5 26. Be2 Nb6 27. Rc1
Ke7 28. Rc5 Rxc5 29. dxc5 Nd5 30. Rc1 Rf8 31. a4 bxa4 32. bxa4 Rb8+ 33. Ka1 Rb4
34. Rc4 Rb3 35. c6 Rb8 36. Rc1 a5 37. Ba6 Nc7 38. Bb7 Rd8 39. Rc4 Rd5 40. Kb2
Rd3 1/2-1/2

[Event "IX Floripa Chess Open Fort Atacadista"]
[Site "Florianópolis - Santa Catari"]
[Date "2023.01.29"]
[Round "10.196"]
[White "De Souza, Carlos Alberto"]
[Black "Marcal Braganca, Joao Victor"]
[Result "1/2-1/2"]
[WhiteElo "1474"]
[BlackElo "1235"]
[PlyCount "95"]
[EventDate "2023.01.23"]
[EventRounds "10"]
[EventCountry "BRA"]

1. e4 e6 2. c4 d5 3. cxd5 exd5 4. exd5 Nf6 5. Bc4 Nxd5 6. Qh5 Qe7+ 7. Ne2 Nf4
8. Qf3 Nxe2 9. Bxe2 g6 10. O-O Bg7 11. Bc4 Nc6 12. Bb5 Bd7 13. Na3 a6 14. Bxc6
Bxc6 15. Qe3 Qxe3 16. dxe3 Rd8 17. Rb1 Be4 18. Ra1 b5 19. Nb1 b4 20. Nd2 Bc2
21. Nb3 O-O 22. Re1 Rd1 23. Bd2 Rxa1 24. Nxa1 Bd3 25. Bxb4 Rb8 26. Bc3 Bxc3 27.
bxc3 Rb2 28. Nb3 Rxa2 29. Nc1 Rd2 30. Nxd3 Rxd3 31. Rc1 a5 32. Kf1 c5 33. Ra1
Rxc3 34. Rxa5 Kf8 35. Ke2 Rc2+ 36. Kf3 c4 37. e4 Rb2 38. Rc5 Rb4 39. Ke2 c3 40.
g4 Rb2+ 41. Ke3 c2 42. h4 h6 43. f4 Kg7 44. e5 Rb3+ 45. Kd2 Rb4 46. f5 gxf5 47.
gxf5 Rxh4 48. Rc7 1/2-1/2

[Event "IX Floripa Chess Open Fort Atacadista"]
[Site "Florianópolis - Santa Catari"]
[Date "2023.01.29"]
[Round "10.198"]
[White "Mendes, Ana Beatriz Dias Gu"]
[Black "Da Costa, Evelyn Maria Fuck"]
[Result "1-0"]
[WhiteElo "1464"]
[BlackElo "1220"]
[PlyCount "41"]
[EventDate "2023.01.23"]
[EventRounds "10"]
[EventCountry "BRA"]

1. e4 e5 2. Nf3 Nf6 3. Nc3 Nc6 4. d4 exd4 5. Nxd4 Bb4 6. Nxc6 bxc6 7. Bd3 d5 8.
exd5 cxd5 9. O-O Bxc3 10. bxc3 O-O 11. Bg5 h6 12. Bh4 Qd6 13. h3 Bb7 14. Rb1
Rab8 15. Re1 Ba8 16. Rb3 Qc6 17. Bxf6 Qxf6 18. Re3 c5 19. Qe2 c4 20. Rxb8 Rxb8
21. Re8+ 1-0

[Event "IX Floripa Chess Open Fort Atacadista"]
[Site "Florianópolis - Santa Catari"]
[Date "2023.01.29"]
[Round "10.199"]
[White "Soares, Rafael Tuma"]
[Black "Solaeche G., Axel Jose"]
[Result "1-0"]
[WhiteElo "1440"]
[BlackElo "1106"]
[PlyCount "25"]
[EventDate "2023.01.23"]
[EventRounds "10"]
[EventCountry "BRA"]

1. e4 e5 2. Nf3 Nc6 3. Bc4 Bc5 4. c3 Nf6 5. d4 exd4 6. cxd4 Bb4+ 7. Nc3 Nxe4 8.
O-O Nxc3 9. bxc3 Be7 10. Re1 O-O 11. Qe2 Bf6 12. Ne5 d6 13. Nxf7 1-0

[Event "IX Floripa Chess Open Fort Atacadista"]
[Site "Florianópolis - Santa Catari"]
[Date "2023.01.29"]
[Round "10.200"]
[White "Telles, Arnoldo Beber"]
[Black "De Lima, Lucas Taveira"]
[Result "1/2-1/2"]
[WhiteElo "1060"]
[BlackElo "1437"]
[PlyCount "58"]
[EventDate "2023.01.23"]
[EventRounds "10"]
[EventCountry "BRA"]

1. d4 Nf6 2. c4 g6 3. f3 d6 4. e4 Bg7 5. Nc3 O-O 6. Be3 e5 7. d5 Nbd7 8. Bd3
Nh5 9. Nge2 Nc5 10. O-O Nxd3 11. Qxd3 f5 12. exf5 Bxf5 13. Ne4 Nf6 14. N2g3 Bd7
15. Bg5 h6 16. Nxf6+ Rxf6 17. Bxf6 Qxf6 18. Ne4 Qf7 19. Qd2 g5 20. Rac1 b6 21.
Qf2 Qg6 22. Qg3 Rf8 23. Rce1 Rf4 24. Re3 g4 25. h3 h5 26. fxg4 Rxe4 27. Rxe4
Qxe4 28. gxh5 Kh7 29. Qg5 Be8 1/2-1/2

[Event "IX Floripa Chess Open Fort Atacadista"]
[Site "Florianópolis - Santa Catari"]
[Date "2023.01.29"]
[Round "10.201"]
[White "De Bortolo, Paulo Ricardo"]
[Black "Santana, Expedito"]
[Result "1/2-1/2"]
[WhiteElo "1800"]
[BlackElo "1421"]
[PlyCount "70"]
[EventDate "2023.01.23"]
[EventRounds "10"]
[EventCountry "BRA"]

1. e4 c6 2. Nf3 d5 3. Nc3 dxe4 4. Nxe4 Nd7 5. d4 Ngf6 6. Bd3 Nxe4 7. Bxe4 Nf6
8. Bd3 Bg4 9. c3 Qd5 10. Be2 e6 11. h3 Bh5 12. O-O Be7 13. Nh2 Bxe2 14. Qxe2
Qe4 15. Re1 Qxe2 16. Rxe2 O-O 17. Bf4 Rad8 18. Nf3 h6 19. Rd1 e5 20. Be3 Nd5
21. Nd2 Nxe3 22. fxe3 exd4 23. exd4 Rd7 24. Rf1 Rfd8 25. Nf3 Bf6 26. Rfe1 Rd5
27. Ne5 Bxe5 28. Rxe5 Rxe5 29. Rxe5 Rd5 30. Rxd5 cxd5 31. a4 Kf8 32. Kf2 Ke7
33. Ke3 g6 34. Kf3 f5 35. b3 Kd6 1/2-1/2

[Event "IX Floripa Chess Open Fort Atacadista"]
[Site "Florianópolis - Santa Catari"]
[Date "2023.01.29"]
[Round "10.204"]
[White "Pinto, Pedro Daminelli Lag"]
[Black "Spagnollo, Pedro Henrique"]
[Result "0-1"]
[WhiteElo "1800"]
[BlackElo "1379"]
[PlyCount "50"]
[EventDate "2023.01.23"]
[EventRounds "10"]
[EventCountry "BRA"]

1. d4 e6 2. Bf4 d5 3. e3 Nf6 4. Nf3 Bd6 5. Bg3 c6 6. c3 Qc7 7. Bd3 c5 8. Bc2
Nbd7 9. Nbd2 O-O 10. e4 dxe4 11. Nxe4 Nxe4 12. Bxe4 f5 13. Bc2 b5 14. Bxd6 Qxd6
15. O-O Bb7 16. a4 a6 17. Re1 Qd5 18. Re3 Rf6 19. Qe2 Rg6 20. Qf1 Nf6 21. Rae1
Ng4 22. Nh4 Nxe3 23. Rxe3 Rg4 24. Re5 Qc6 25. Nf3 Qxf3 0-1

[Event "IX Floripa Chess Open Fort Atacadista"]
[Site "Florianópolis - Santa Catari"]
[Date "2023.01.29"]
[Round "10.205"]
[White "Souza, Vitor Gabriel Batis"]
[Black "Do Amaral E Silva, Larissa Blue"]
[Result "1/2-1/2"]
[WhiteElo "1800"]
[BlackElo "1378"]
[PlyCount "62"]
[EventDate "2023.01.23"]
[EventRounds "10"]
[EventCountry "BRA"]

1. c4 c5 2. g3 g6 3. Bg2 Bg7 4. Nf3 Nc6 5. Nc3 e6 6. e3 d6 7. d4 b6 8. dxc5
Bxc3+ 9. bxc3 bxc5 10. Ne5 Bb7 11. Bxc6+ Bxc6 12. Nxc6 Qc7 13. Qa4 Qd7 14. Qa6
Nf6 15. Na5 O-O 16. O-O Rfc8 17. Nb3 Rab8 18. Rd1 Rc6 19. Qa3 Ne4 20. f3 Ng5
21. Kg2 e5 22. e4 Qh3+ 23. Kh1 Nxf3 24. Qb2 Ra6 25. Be3 Qg4 26. Rf1 Qxe4 27.
Qg2 Qxe3 28. Qxf3 Qxf3+ 29. Rxf3 Rxb3 30. Raf1 Rb7 31. R1f2 Rab6 1/2-1/2

[Event "IX Floripa Chess Open Fort Atacadista"]
[Site "Florianópolis - Santa Catari"]
[Date "2023.01.29"]
[Round "10.208"]
[White "Presa, Luis Alberto Passos"]
[Black "De Carvalho, Amauri"]
[Result "1-0"]
[WhiteElo "1733"]
[BlackElo "1211"]
[PlyCount "55"]
[EventDate "2023.01.23"]
[EventRounds "10"]
[EventCountry "BRA"]

1. d4 d6 2. c4 Nf6 3. Nc3 c6 4. e4 Qa5 5. Bd2 Qc7 6. Nf3 Bg4 7. Be2 Bxf3 8.
Bxf3 e5 9. d5 Be7 10. O-O O-O 11. Rc1 Nbd7 12. b4 c5 13. b5 b6 14. Qe2 Rfc8 15.
g3 Qd8 16. Bg2 Ne8 17. f4 exf4 18. gxf4 Bf6 19. Bh3 Bd4+ 20. Be3 Bf6 21. Kh1
Rc7 22. Rg1 Bxc3 23. Rxc3 Qh4 24. Bd2 Qe7 25. Rcg3 Ndf6 26. e5 dxe5 27. fxe5
Nd7 28. d6 1-0

[Event "IX Floripa Chess Open Fort Atacadista"]
[Site "Florianópolis - Santa Catari"]
[Date "2023.01.29"]
[Round "10.209"]
[White "Setti, Dalmarino"]
[Black "Sombrio, Otto De Henrique"]
[Result "1/2-1/2"]
[WhiteElo "1696"]
[BlackElo "1239"]
[PlyCount "48"]
[EventDate "2023.01.23"]
[EventRounds "10"]
[EventCountry "BRA"]

1. d4 d5 2. c4 e6 3. Nf3 Nf6 4. g3 Be7 5. Bg2 O-O 6. O-O Nbd7 7. Qc2 c6 8. Nbd2
b6 9. e4 dxe4 10. Nxe4 Nxe4 11. Qxe4 Bb7 12. Be3 Qc7 13. Rfd1 c5 14. d5 Nf6 15.
Bf4 Nxe4 16. Bxc7 exd5 17. cxd5 Rac8 18. Bf4 Bd6 19. Bxd6 Nxd6 20. Ne5 Rfe8 21.
Nc6 a6 22. Bh3 Rc7 23. Bg2 Rcc8 24. Bh3 Rc7 1/2-1/2

[Event "IX Floripa Chess Open Fort Atacadista"]
[Site "Florianópolis - Santa Catari"]
[Date "2023.01.29"]
[Round "10.210"]
[White "Orlandi Neto, Aristides"]
[Black "Coutinho, Lucas Buss Soares"]
[Result "1-0"]
[WhiteElo "1684"]
[BlackElo "1099"]
[PlyCount "43"]
[EventDate "2023.01.23"]
[EventRounds "10"]
[EventCountry "BRA"]

1. e4 e5 2. Nf3 Nc6 3. Bc4 Bc5 4. c3 Nf6 5. d3 O-O 6. O-O h6 7. Re1 Ng4 8. Re2
Re8 9. h3 Nf6 10. Nbd2 d6 11. Nf1 Ne7 12. Ng3 Ng6 13. Be3 Bb6 14. Re1 d5 15.
exd5 Nxd5 16. Bxb6 Nxb6 17. Bb3 Bd7 18. d4 exd4 19. Qxd4 Bc6 20. Qg4 Qf6 21.
Nh5 Qd8 22. Qxg6 1-0

[Event "IX Floripa Chess Open Fort Atacadista"]
[Site "Florianópolis - Santa Catari"]
[Date "2023.01.29"]
[Round "10.211"]
[White "Kim, Andre"]
[Black "Matsunaga, Lange Cristina"]
[Result "0-1"]
[WhiteElo "1198"]
[BlackElo "1479"]
[PlyCount "32"]
[EventDate "2023.01.23"]
[EventRounds "10"]
[EventCountry "BRA"]

1. e4 e5 2. Nf3 Nc6 3. Bc4 h6 4. O-O Nf6 5. d3 Bc5 6. c3 d6 7. Re1 Be6 8. Bxe6
fxe6 9. h3 Qd7 10. Be3 Bxe3 11. Rxe3 O-O-O 12. Nbd2 g5 13. d4 g4 14. hxg4 Nxg4
15. Rd3 Qf7 16. Qe2 h5 0-1

[Event "IX Floripa Chess Open Fort Atacadista"]
[Site "Florianópolis - Santa Catari"]
[Date "2023.01.29"]
[Round "10.212"]
[White "Amorim Filho, Robson Bezerra"]
[Black "Koinski, Carlos Cesar"]
[Result "1-0"]
[WhiteElo "1216"]
[BlackElo "1450"]
[PlyCount "56"]
[EventDate "2023.01.23"]
[EventRounds "10"]
[EventCountry "BRA"]

1. e4 c5 2. Nf3 Nc6 3. d4 cxd4 4. Nxd4 a6 5. Bc4 Ne5 6. Bb3 e6 7. f4 Nc6 8. Be3
Na5 9. Qd2 Nxb3 10. cxb3 Nf6 11. Nc3 Bb4 12. Qd3 d5 13. exd5 Nxd5 14. O-O Nxe3
15. Qxe3 Bc5 16. Rad1 O-O 17. Qe5 Ba7 18. Kh1 Qe8 19. Qg5 h6 20. Qh5 b5 21. Ne4
Bb7 22. Nf6+ gxf6 23. Qxh6 Bxd4 24. Rd3 Bxg2+ 25. Kxg2 Qc6+ 26. Kh3 Qe4 27.
Rg3+ Qg6 28. Rxg6+ fxg6 1-0

[Event "IX Floripa Chess Open Fort Atacadista"]
[Site "Florianópolis - Santa Catari"]
[Date "2023.01.29"]
[Round "10.213"]
[White "Silva, Allan De Souza"]
[Black "Ribeiro, Erica De Jesus"]
[Result "0-1"]
[WhiteElo "1813"]
[BlackElo "1445"]
[PlyCount "72"]
[EventDate "2023.01.23"]
[EventRounds "10"]
[EventCountry "BRA"]

1. d4 d5 2. c4 e6 3. Nc3 c6 4. c5 f5 5. Nf3 Nf6 6. Bf4 b6 7. b4 a5 8. bxa5 bxc5
9. Bxb8 Rxb8 10. Qa4 Qc7 11. Rb1 Rxb1+ 12. Nxb1 Bd6 13. e3 Bd7 14. Be2 O-O 15.
g3 c4 16. O-O c5 17. Qc2 Qxa5 18. dxc5 Qxc5 19. Nd4 Rb8 20. Nc3 Qa3 21. Rb1
Rxb1+ 22. Nxb1 Qa4 23. Qxa4 Bxa4 24. Nxe6 Be5 25. Nc5 Bc6 26. a4 Bd6 27. Ne6
Bxa4 28. Nc3 Bd7 29. Nf4 Bxf4 30. gxf4 Bc6 31. Bf3 Ne4 32. Bxe4 fxe4 33. Kg2
Kf7 34. f3 exf3+ 35. Kxf3 d4+ 36. Ne4 c3 0-1

[Event "IX Floripa Chess Open Fort Atacadista"]
[Site "Florianópolis - Santa Catari"]
[Date "2023.01.29"]
[Round "10.214"]
[White "Rey, Antonio"]
[Black "Favaretto, Felipe Della Preve"]
[Result "1/2-1/2"]
[WhiteElo "1434"]
[BlackElo "1207"]
[PlyCount "48"]
[EventDate "2023.01.23"]
[EventRounds "10"]
[EventCountry "BRA"]

1. c4 c6 2. g3 Nf6 3. Bg2 d5 4. cxd5 cxd5 5. d4 Nc6 6. Nc3 e6 7. Nf3 Be7 8. O-O
O-O 9. Bf4 b6 10. Ne5 Nxe5 11. Bxe5 Ba6 12. Qa4 Bb7 13. Rac1 Qd7 14. Qxd7 Nxd7
15. Bf4 Ba6 16. Rfe1 Rac8 17. a3 Bc4 18. e4 g5 19. Bd2 dxe4 20. Nxe4 h6 21. Rc3
f5 22. Rec1 Ba6 23. Rxc8 Rxc8 24. Rxc8+ Bxc8 1/2-1/2

[Event "IX Floripa Chess Open Fort Atacadista"]
[Site "Florianópolis - Santa Catari"]
[Date "2023.01.29"]
[Round "10.215"]
[White "Da Costa, Michael David"]
[Black "Nunes, Alice"]
[Result "1/2-1/2"]
[WhiteElo "1396"]
[BlackElo "1800"]
[PlyCount "41"]
[EventDate "2023.01.23"]
[EventRounds "10"]
[EventCountry "BRA"]

1. d4 d5 2. c4 e6 3. Nf3 Nf6 4. g3 b6 5. Bg2 Bb7 6. O-O Be7 7. Nbd2 O-O 8. b3
Nbd7 9. Bb2 c5 10. dxc5 bxc5 11. Ne5 Nxe5 12. Bxe5 Bd6 13. Bxd6 Qxd6 14. Qc2
Rab8 15. cxd5 exd5 16. e3 Rfe8 17. Rfd1 Qc7 18. Rac1 Rbc8 19. Nf3 Ne4 20. Nd2
Nf6 21. Nf3 1/2-1/2

[Event "IX Floripa Chess Open Fort Atacadista"]
[Site "Florianópolis - Santa Catari"]
[Date "2023.01.29"]
[Round "10.216"]
[White "Chagas, Gefster"]
[Black "Fanckin, Murilo"]
[Result "0-1"]
[WhiteElo "1752"]
[BlackElo "1384"]
[PlyCount "48"]
[EventDate "2023.01.23"]
[EventRounds "10"]
[EventCountry "BRA"]

1. f4 d5 2. d4 c5 3. c3 Nf6 4. Nf3 Nc6 5. e3 cxd4 6. cxd4 Bf5 7. a3 e6 8. Nc3
Be7 9. Bb5 Qb6 10. O-O O-O 11. Ne5 Rac8 12. Bd3 Nxe5 13. fxe5 Bxd3 14. Qxd3 Nd7
15. b4 Qc6 16. Bd2 Qc4 17. Qxc4 Rxc4 18. Rac1 f6 19. exf6 Rxf6 20. Rxf6 Bxf6
21. Nb5 Rxc1+ 22. Bxc1 a6 23. Nc3 Nb6 24. Na4 Nxa4 0-1

[Event "IX Floripa Chess Open Fort Atacadista"]
[Site "Florianópolis - Santa Catari"]
[Date "2023.01.29"]
[Round "10.218"]
[White "Lisboa, Maria Eduarda Mazza"]
[Black "Cabral, Vivian De Paiva"]
[Result "0-1"]
[WhiteElo "1743"]
[BlackElo "1348"]
[PlyCount "86"]
[EventDate "2023.01.23"]
[EventRounds "10"]
[EventCountry "BRA"]

1. e4 c5 2. Nf3 Nc6 3. c3 e6 4. d4 cxd4 5. cxd4 d6 6. Bb5 Bd7 7. O-O Nf6 8. Nc3
a6 9. Ba4 Be7 10. Be3 O-O 11. Qd3 b5 12. Bc2 Nb4 13. Qd2 Nxc2 14. Qxc2 Rc8 15.
Qd3 b4 16. Ne2 Bb5 17. Qd1 Nxe4 18. Re1 d5 19. a4 Bd7 20. Ne5 Be8 21. f3 Nd6
22. Qd3 a5 23. b3 f6 24. Ng4 Bg6 25. Qd1 Bc2 26. Qd2 Bxb3 27. Reb1 Bc2 28. Rc1
Bf5 29. Rxc8 Qxc8 30. Nf2 Qd7 31. Ng3 Bg6 32. Nd3 Nc4 33. Qe2 Rc8 34. Nc5 Bxc5
35. dxc5 Nxe3 36. Qxe3 Kf7 37. Re1 d4 38. Qc1 Qxa4 39. Ne4 Bxe4 40. fxe4 d3 41.
Rd1 Qb5 42. Kh1 Rxc5 43. Qd2 Rc3 0-1

[Event "IX Floripa Chess Open Fort Atacadista"]
[Site "Florianópolis - Santa Catari"]
[Date "2023.01.29"]
[Round "10.219"]
[White "Guerreiro, Heitor Koffermann"]
[Black "Da Silva, Carlos Rafael Rego"]
[Result "1/2-1/2"]
[WhiteElo "1313"]
[BlackElo "1778"]
[PlyCount "75"]
[EventDate "2023.01.23"]
[EventRounds "10"]
[EventCountry "BRA"]

1. d4 Nf6 2. Nc3 d5 3. Bg5 Nbd7 4. Nf3 g6 5. e3 Bg7 6. Be2 O-O 7. O-O c5 8.
dxc5 Nxc5 9. Bxf6 Bxf6 10. Nxd5 Bxb2 11. Rb1 Bg7 12. c4 e6 13. Nf4 b6 14. Qxd8
Rxd8 15. Rfd1 Bb7 16. Rxd8+ Rxd8 17. Rd1 Rxd1+ 18. Bxd1 Ne4 19. Ne2 Kf8 20.
Nfd4 Nd2 21. Bb3 Ba6 22. Nb5 Bxb5 23. cxb5 Nxb3 24. axb3 Ke7 25. Kf1 Kd6 26.
Ke1 Kc5 27. Kd2 Kxb5 28. Ng3 Kb4 29. Kc2 Be5 30. f4 Bg7 31. Ne4 h6 32. Nd6 f5
33. Nc8 g5 34. Nxa7 Kc5 35. Kd3 e5 36. fxe5 Bxe5 37. h3 Bb8 38. Nc8 1/2-1/2

[Event "IX Floripa Chess Open Fort Atacadista"]
[Site "Florianópolis - Santa Catari"]
[Date "2023.01.29"]
[Round "10.220"]
[White "Borba Da Rosa, Rodrigo"]
[Black "Baratieri, Maria Vitoria"]
[Result "1-0"]
[WhiteElo "1304"]
[BlackElo "1743"]
[PlyCount "31"]
[EventDate "2023.01.23"]
[EventRounds "10"]
[EventCountry "BRA"]

1. e4 c5 2. Nf3 d6 3. d4 cxd4 4. Nxd4 Nf6 5. Nc3 a6 6. Be3 e6 7. Qd2 Be7 8. f3
b5 9. Be2 O-O 10. g4 Re8 11. g5 b4 12. Nd1 Nfd7 13. Nf2 f6 14. Nxe6 Qa5 15. Bc4
Nc5 16. Nc7+ 1-0